000 00578nam a2200217Ia 4500
003 OSt
005 20220928145106.0
006 a|||||r|||| 00| 0
007 ta
008 220927b |||||||| |||| 00| 0 eng d
024 _a78689
037 _cTextual
040 _aSDCL
_cSDCL
_beng
041 _2eng
_aeng
082 _aN2x, M8
100 _aDhamija Ram Ed.
_9511596
245 0 _aSixty years of writing on art and crafts in India, from Roopa Lekha 1928-1988.
260 _c1988
942 _hN2x, M8
_cTEXL
_2CC
999 _c831890
_d831890